01239nam a22003377a 4500003000500000005001700005008004100022010000900063011000900072035000900081040000900090082001700099110008300116245007000199260003200269300001000301590004100311590004100352590004100393590004200434650003600476650003700512650004800549650004400597700002900641901000700670942001000677949006100687999001500748952013800763CHAP20220329133448.0971013s1993 ec r 00010 spa d a6638 a7610 a6833 cCHAP04a634.9016bP72 aProyecto Desarrollo Forestal Participativo en los Andes. Quito, Ecuador9925041 aBibliografía especializada en desarrollo forestal participativo aQuito :bEl Proyecto,c1993 a116 p aBATCH-UPDb10c20130110lUCH01h1618 aBATCH-UPDb10c20130410lUCH01h1012 aBATCH-UPDb10c20130914lUCH01h0707 aCONVERSIONb10c20130109lUCH01h130514aBosquesxBibliografía.91409514aBosquesxInvestigación.91428214aRecursos forestalesxBibliografía.99503414aReforestaciónxBibliografía.9954790 aRicaurte, Susana.997214 aBK cLIBRO a634.9016 P7bBCcCd33724000648622eCh85341i6833mDsi c6638d6638 00102ddc4051708CaBCbBCcPA_CONSULTAd2019-12-31fLIBROl0o634.9016 P7p33724000648622r2019-12-31 00:00:00w2019-12-31yLIBRO